000 00619nam a2200229Ia 4500
003 OSt
005 20220918175824.0
006 a|||||r|||| 00| 0
007 ta
008 220917b |||||||| |||| 00| 0 eng d
024 _a19,123
037 _cTextual
040 _aARTS
_cARTS
_beng
041 _2eng
_aeng
082 _aO111,2M83,AB, F0
100 _aDrinkwater John
_953702
245 0 _aAbraham Lincoln
_b a play
260 _aLondon
_bSidgwick and Jackson
_c1920
650 _aENGLISH LITERATURE
942 _hO111,2M83,AB, F0
_cTEXL
_2CC
999 _c159148
_d159148